Complétez l'expression française avec une image - Fruits - Statistiques

Statistiques générales
  • Ce quiz a été pris 247 fois
    136 depuis la dernière actualisation
  • Le résultat moyen est 10 sur 12
Statistiques - réponses
Hint Réponse % Correct

Expression

C’est la ____ sur le gâteau

images?q=tbn:ANd9GcS7xirUoAWmlABLdJKPK0HIT3y1nLNRoC4YFQ&s
97%

Expression

Couper la ____ en deux

images?q=tbn:ANd9GcS7xirUoAWmlABLdJKPK0HIT3y1nLNRoC4YFQ&s
95%

Expression

Presser quelqu'un comme un ____

images?q=tbn:ANd9GcS7xirUoAWmlABLdJKPK0HIT3y1nLNRoC4YFQ&s
94%

Expression

Être haut comme trois ____

images?q=tbn:ANd9GcS7xirUoAWmlABLdJKPK0HIT3y1nLNRoC4YFQ&s
94%

Expression

Être gros comme une ____

images?q=tbn:ANd9GcS7xirUoAWmlABLdJKPK0HIT3y1nLNRoC4YFQ&s
94%

Expression

Ramener sa ____

images?q=tbn:ANd9GcS7xirUoAWmlABLdJKPK0HIT3y1nLNRoC4YFQ&s
93%

Expression

Mi-____, mi-raisin

images?q=tbn:ANd9GcS7xirUoAWmlABLdJKPK0HIT3y1nLNRoC4YFQ&s
89%

Expression

Avoir la ____

images?q=tbn:ANd9GcS7xirUoAWmlABLdJKPK0HIT3y1nLNRoC4YFQ&s
86%

Expression

Tirer les ____ du feu

images?q=tbn:ANd9GcS7xirUoAWmlABLdJKPK0HIT3y1nLNRoC4YFQ&s
83%

Expression

Compter pour des ____

images?q=tbn:ANd9GcS7xirUoAWmlABLdJKPK0HIT3y1nLNRoC4YFQ&s
80%

Expression

À la ____

images?q=tbn:ANd9GcS7xirUoAWmlABLdJKPK0HIT3y1nLNRoC4YFQ&s
80%

Expression

Apporter des ____

images?q=tbn:ANd9GcS7xirUoAWmlABLdJKPK0HIT3y1nLNRoC4YFQ&s
62%
Aucun quiz correspondant
Distribution des résultats
% des personnes avec chaque résultat
Percentile par nombre de réponses
Votre historique - résultats
Vous n’avez pas pris ce quiz depuis la dernière actualisation